عرض عادي
عرض مارك
- الفهرسة الآلية
مدخل مصطلح موضوعي
001 - رقم الضبط
- حقل الضبط: 102334
003 - معرف رقم الضبط
- حقل الضبط: OSt
005 - تاريخ ووقت أخر عملية
- حقل الضبط: 20220918102530.0
008 - عناصر بيانات ثابتة الطول
- حقل تحكم ثابت الطول: 220918|| aca||aabn | a|a d
040 ## - مصدر الفهرسة
- هيئة الفهرسة الأصلية: OSt
- وكالة الكتابة: OSt
150 ## - مدخل-- مصطلح تاريخي
- عنصر مدخل المصطلح الموضوعي او الاسم الجغرافي: الفهرسة الآلية
670 ## - بيانات المصدر موجوده
- الاستشهاد بالمصدر: Work cat.: (OSt)82707: معوض، محمد عبد الحميد مؤلف. 102305, مبادئ وصف وإتاحة المصادر =
